banner koha

Controle Biológico das Pragas de Citros (Registro n. 298422)

MARC details
000 -LÍDER
Campo de controle fixo 01221nam a22002777a 4500
001 - NÚMERO DE CONTROLE
Número de controle BR2023002055
003 - CÓDIGO MARC DA AGÊNCIA CATALOGADORA
Campo de controle BR-BrBNA
005 - DATA E HORA DA ÚLTIMA ATUALIZAÇÃO
Campo de controle 20240201162246.0
008 - CAMPO DE TAMANHO FIXO
Campo fixo de controle 240201b2002 bl.a|||| |||| 00| 0 por d
040 ## - FONTE DA CATALOGAÇÃO
Agência catalogadora BR-BrBNA
Idioma da catalogação por
041 ## - CÓDIGO DO IDIOMA
Código do Idioma por
072 ## - CATEGORIA AGRIS
Código da categoria de assunto/objeto <a href="H10; H01; F01">H10; H01; F01</a>
Código do objeto 1000
100 ## - ENTRADA PRINCIPAL - NOME PESSOAL
Nome pessoal Parra, José R. P.
110 1# - ENTRADA PRINCIPAL - ENTIDADE
9 (RLIN) 4442
Nome da entidade ou lugar Estação Experimental de Citricultura de Bebedouro, SP (Brasil)
245 ## - TÍTULO PRINCIPAL
Título principal Controle Biológico das Pragas de Citros
260 ## - IMPRENTA (PUBLICAÇÃO, DISTRIBUIÇÃO, ETC.)
Lugar de publicação, distribuição, etc. Bebedouro, SP (Brasil) :
Nome do editor, distribuidor, etc. novos Talentos,
Data de publicação, distribuição, etc 2002
300 ## - DESCRIÇÃO FÍSICA
Extensão 37 p.
490 ## - INDICAÇÃO DE SÉRIE
Título da série Controle Biológico das Pragas de Citros - Boletim Citrícola (Brazil)
Número do volume ou designação sequencial da série no. 21
520 ## - NOTA DE RESUMO, ETC
Nota de conteúdo A adoção do controle biológico de pragas e de seus conceitos proporciona a produção de alimentos limpos dentro das boas práticas agrícolas em um ambiente equilibrado e ecologicamente correto.<br/>A EECB e a Coopecitrus tem a satisfação de contar neste boletim, com a colaboração do Dr. Parra, eminente professor da Esalq, USP de Piracicaba, para abordar tão importante assunto.
650 ## - ASSUNTO - THESAGRO
Cabeçalho tópico ou nome geográfico CONTROLE BIOLOGICO
650 ## - ASSUNTO - THESAGRO
Cabeçalho tópico ou nome geográfico PRAGA DE PLANTA
650 ## - ASSUNTO - THESAGRO
Cabeçalho tópico ou nome geográfico FRUTA CITRICA
650 ## - ASSUNTO - THESAGRO
Cabeçalho tópico ou nome geográfico DEFESA VEGETAL
909 ## - IDENTIFICAÇÃO DO CATALOGADOR
Ano e mês da catalogação (aaaamm) 202402
Identificação do catalogador Wanessa Ribeiro
942 ## - TIPO ESPECÍFICO
Tipo de material Monografia Seriada
952 ## - LOCATION AND ITEM INFORMATION (KOHA)
-- 2024-02-28
Exemplares
Status de empréstimo Fonte de classificação Status de danificação Não pode ser emprestado Código da coleção Localização permanente Localização atual Localização na estante Total Checkouts Número de chamada Código de barras Tipo de material
  Classificação AGRIS     Agrobase Biblioteca Nacional de Agricultura - Binagri Biblioteca Nacional de Agricultura - Binagri Agrobase - Acervo Geral   4560 BR2023002055 2024-0066 Monografia Seriada

BINAGRI

Telefone: (61)3218-2567/2388/3357/2097 - binagri@agro.gov.br

Ministério da Agricultura e Pecuária , Esplanada dos Ministérios, Bloco D, Anexo B, Brasília/DF, CEP: 70.043-900